Taylor Swift mystery lyrics #8 - Statistics

General Stats
  • This quiz has been taken 143 times
    134 since last reset
  • The average score is 63 of 105
Answer Stats
Answer % Correct
I
98%
you
98%
a
94%
the
92%
do
87%
your
87%
and
86%
in
84%
it
84%
It
84%
me
83%
to
83%
on
80%
be
78%
No
76%
that
74%
don't
73%
love
72%
It's
67%
our
67%
Why
66%
what
65%
would
65%
all
63%
was
63%
say
62%
one
60%
but
59%
can't
58%
not
56%
by
53%
heart
53%
How
52%
good
51%
wanna
50%
take
46%
now
45%
tear
45%
break
44%
perfectly
43%
way
43%
make
42%
apart
38%
eyes
38%
get
37%
back
35%
should've
35%
before
33%
read
33%
very
31%
first
30%
matter
30%
sense
30%
away
28%
seen
26%
believe
25%
still
25%
scar
24%
signs
21%
walk
21%
fall
19%
wall
17%
writing
16%
anymore
14%
Maybe
14%
distance
10%
unbroken
10%
realized
9%
No matching quizzes found
Score Distribution
Percent of People with Each Score
Percentile by Number Answered
Your Score History
You have not taken this quiz since the last reset